| 000 | 01941nam a2200445 i 4500 | ||
|---|---|---|---|
| 001 | 196903 | ||
| 003 | ES-MaACL | ||
| 005 | 20250803094937.0 | ||
| 008 | 250124s1989 sp | |||| ||spa | ||
| 016 | 7 |
_abimoBNE19911050398 _2SpMaBN |
|
| 017 |
_aM 6619-1989 _bOficina Depósito Legal Madrid |
||
| 020 | _a848663508X | ||
| 035 | _a(OCoLC)434572850 | ||
| 035 | _a(SpMaBN)bimo0000101179 | ||
| 035 | _a991010093859708606 | ||
| 040 |
_aSpMaBN _bspa _cSpMaBN _erdc |
||
| 080 | _a308(460.27 M.)"18/19"(063) | ||
| 080 | _a338.1(460.27 M.)"18/19"(063) | ||
| 111 | 2 |
_aColoquios de Historia Madrileña _n(3os. _d1987. _cMadrid) _9239497 |
|
| 245 | 1 | 3 |
_aLa sociedad madrileña durante la restauración, 1876-1931 / _c[3os Coloquios de Historia Madrileña] ; Ángel Bahamonde Magro, Luis Enrique Otero Carvajal (eds.) |
| 250 | _a[1ª ed.] | ||
| 260 |
_a[Madrid : _bCidur], _cD.L. 1989 |
||
| 300 |
_a2 v. ; _c21 cm |
||
| 336 |
_2rdacontent _atexto |
||
| 337 |
_2rdamedia _asin mediación |
||
| 338 |
_2rdacarrier _avolumen |
||
| 500 | _aOrganizado por la revista Alfoz, con la colaboración del Departamento de Historia Contemporánea de la Universidad Complutense de Madrid | ||
| 650 | 7 |
_2embne _9235154 _aCongresos y asambleas |
|
| 651 | 0 |
_aMadrid- _xSituación social- _vHistoria- _vCongresos y asambleas _9239498 |
|
| 651 | 7 |
_aMadrid _xSituación económica _vHistoria _vCongresos y asambleas _2embne _9239499 |
|
| 700 | 0 |
_aBahamonde Magro, Angel, _d1949- _924660 |
|
| 700 | 1 |
_aOtero Carvajal, Luis Enrique, _d1957- _987903 |
|
| 852 |
_aES-MaACL _cDEPO2 _jG-16058 _hDonación: Francisco Linde _pv.1 _9204554 |
||
| 852 |
_aES-MaACL _cDEPO2 _jG-16059 _hDonación: Francisco Linde _pv.2 _9204555 |
||
| 903 |
_9239466 _aLinde, Francisco _ednr |
||
| 942 |
_2udc _cMONOGRAFIA _n0 |
||
| 999 |
_c196903 _d196903 |
||